Witamy w Bibliotece Naukowej Instytutu Łączności!

Diody i tyrystory w pytaniach i odpowiedziach / (Rekord nr 7050)

000 -LEADER
fixed length control field 01555cam a2200445 i 4500
005 - DATE AND TIME OF LATEST TRANSACTION
control field 20171212141536.0
008 - FIXED-LENGTH DATA ELEMENTS--GENERAL INFORMATION
fixed length control field 040402s1984 pl a f |000 0 pol c
020 ## - INTERNATIONAL STANDARD BOOK NUMBER
International Standard Book Number 8320405394
035 ## - SYSTEM CONTROL NUMBER
System control number zz2004904636
039 #9 - LEVEL OF BIBLIOGRAPHIC CONTROL AND CODING DETAIL [OBSOLETE]
Level of rules in bibliographic description 201703161002
Level of effort used to assign nonsubject heading access points kopilwa
Level of effort used to assign subject headings 201606131307
Level of effort used to assign classification vapkr
Level of effort used to assign subject headings 201605240914
Level of effort used to assign classification kopumk
Level of effort used to assign subject headings 201309261610
Level of effort used to assign classification kopuewr
-- 200404021211
-- vbj28
040 ## - CATALOGING SOURCE
Original cataloging agency KR U/28WP
Transcribing agency KR U/28WP
Modifying agency KR U/28WP
-- Ł U/ASs
-- GL 001/IFW
-- GL 001/JK
100 1# - MAIN ENTRY--PERSONAL NAME
Personal name Januszewski, Stefan.
245 10 - TITLE STATEMENT
Title Diody i tyrystory w pytaniach i odpowiedziach /
Statement of responsibility, etc Stefan Januszewski, Henryk Świątek.
260 ## - PUBLICATION, DISTRIBUTION, ETC. (IMPRINT)
Place of publication, distribution, etc Warszawa :
Name of publisher, distributor, etc Wydawnictwa Naukowo-Techniczne,
Date of publication, distribution, etc 1984.
300 ## - PHYSICAL DESCRIPTION
Extent 219, [1] s. :
Other physical details il., err. ;
Dimensions 24 cm.
504 ## - BIBLIOGRAPHY, ETC. NOTE
Bibliography, etc Bibliogr. s. 219.
521 8# - TARGET AUDIENCE NOTE
Target audience note Dla inżynierów i techników różnych specjalności oraz dla uczniów szkół technicznych.
650 ## - SUBJECT ADDED ENTRY--TOPICAL TERM
Topical term or geographic name as entry element Diody.
650 ## - SUBJECT ADDED ENTRY--TOPICAL TERM
Topical term or geographic name as entry element Tyrystory.
700 1# - ADDED ENTRY--PERSONAL NAME
Personal name Świątek, Henryk
Dates associated with a name (1937- ).
710 2# - ADDED ENTRY--CORPORATE NAME
Corporate name or jurisdiction name as entry element Wydawnictwa Naukowo-Techniczne.
Relator code pbl
982 ## - EQUIVALENCE OR CROSS-REFERENCE-SERIES STATEMENT--CONFERENCE OR MEETING NAME/TITLE [LOCAL, CANADA]
Meeting name or jurisdiction name as entry element BYDG_22 BYDG_24
920 ## -
-- 83-204-0539-4
953 ## -
-- KR_93
956 ## - LOCAL ELECTRONIC LOCATION AND ACCESS (OCLC)
Host name KR_119
958 ## -
-- LUBL_58
959 ## -
-- LUBL_64
960 ## - PHYSICAL LOCATION (RLIN)
Physical location, PLOC (RLIN) GD_101
961 ## -
-- WA_310
962 ## -
-- KR_U
968 ## -
-- TOR_U
970 ## -
-- WA_901 WA_U
971 ## -
-- L_U
972 ## -
-- WR_004
973 ## -
-- GL_001 KAT_U
978 ## -
-- OLSZT_003
979 ## -
-- BSTOK_U
980 ## - EQUIVALENCE OR CROSS-REFERENCE-SERIES STATEMENT--PERSONAL NAME/TITLE [LOCAL, CANADA]
Personal name SZCZ_U SZCZ_ZUT

Brak dostępnych egzemplarzy.

Działa dzięki Koha